000 00563nam a2200193Ia 4500
003 SISC
005 20170530133302.0
008 140321s9999 xx 000 0 und d
020 _a9781305299535
050 _aQA 154.2
_b.T137 2012
100 _aTalamayan, Cecil Lelis
245 _aCollege algebra /
_cCecil Lelis Talamayan and Crizaldy P. Binarao.
260 _aManila :
_bGrandbooks Pub. Inc.,
_cc2012.
300 _a357 p. :
_c26 cm.
500 _aIncludes bibliographical references.
650 _aAlgebra.
942 _kLOC
_cBK
_2lcc
999 _c335188
_d335188